Search the Library Catalogue
| 000 -LEADER | |
|---|---|
| fixed length control field | 00742nam a2200229Ia 4500 |
| 008 - FIXED-LENGTH DATA ELEMENTS--GENERAL INFORMATION | |
| fixed length control field | 191130s2008##################000#0#eng## |
| 020 ## - INTERNATIONAL STANDARD BOOK NUMBER | |
| ISBN | 9780230001329 |
| 082 ## - DEWEY DECIMAL CLASSIFICATION NUMBER | |
| Classification number | 320.531 WET |
| 100 ## - MAIN ENTRY--AUTHOR NAME | |
| Personal name | Burnham, Peter |
| 245 ## - TITLE STATEMENT | |
| Title | Class, power and the state in capitalist society : essays on Ralph Miliband |
| Statement of responsibility, etc | Paul Wetherly, Clyde W. Barrow, Peter Burnham |
| 260 ## - PUBLICATION, DISTRIBUTION, ETC. (IMPRINT) | |
| Place of publication | Basingstoke, Hampshire |
| Name of publisher | Palgrave Macmillan |
| Year of publication | c2008 |
| 300 ## - PHYSICAL DESCRIPTION | |
| Number of Pages | xv, 260 p. ; 23 cm |
| 500 ## - GENERAL NOTE | |
| General note | Includes bibliographical references and index |
| 650 ## - SUBJECT ADDED ENTRY--TOPICAL TERM | |
| Topical Term | Miliband, Ralph |
| Topical Term | Socialism |
| 700 ## - ADDED ENTRY--PERSONAL NAME | |
| Personal name | Barrow, Clyde W |
| Personal name | Wetherly, Paul |
| 991 ## - | |
| -- | 183496 |
| Withdrawn status | Lost status | Damaged status | Not for loan | Home library | Current library | Shelving location | Date acquired | Full call number | Accession Number | Price effective from | Koha item type |
|---|---|---|---|---|---|---|---|---|---|---|---|
| Anna Centenary Library | Anna Centenary Library | 3RD FLOOR, B WING | 12.10.2020 | 320.531 WET | 309006 | 12.10.2020 | English Books |